| 000 | 00627nam a2200181Ia 4500 | ||
|---|---|---|---|
| 008 | 151018s9999 xx 000 0 und d | ||
| 082 |
_bRBASDV60142 _a891.431 |
||
| 100 | _aसुरेंद्र कुमार सैनी | ||
| 245 | _aएक सफर छोटासा | ||
| 250 | _b1 | ||
| 260 |
_bअभिव्यक्ती _c2009 |
||
| 300 | _a120 | ||
| 600 | _aसुरेंद्र कुमार सैनी | ||
| 630 | _aएक सफर छोटासा | ||
| 700 | _aसुरेंद्र कुमार सैनी | ||
| 730 | _aएक सफर छोटासा | ||
| 942 | _cBOOK | ||
| 999 |
_c1053723 _d1053720 |
||